000 00685nam a2200229Ia 4500
003 OSt
005 20220918200946.0
006 a|||||r|||| 00| 0
007 ta
008 220917b |||||||| |||| 00| 0 eng d
024 _a90,962
037 _cTextual
040 _aARTS
_cARTS
_beng
041 _2eng
_aeng
082 _aVv3.N60<-N00, M1
100 _aMukhopadhyay Subodh Kumar
_996164
245 0 _aEvolution of historiography in modern India 1900-1960
_b a study of the writing of India history by Her own historians
260 _c1981
650 _aHISTORY
942 _hVv3.N60<-N00, M1
_cTEXL
_2CC
999 _c214622
_d214622